solid state devices and circuits / (Record no. 54240)
[ view plain ]
| 000 -LEADER | |
|---|---|
| fixed length control field | 00742nam a2200241 a 4500 |
| 001 - CONTROL NUMBER | |
| control field | 54240 |
| 003 - CONTROL NUMBER IDENTIFIER | |
| rucl marc code | BD-RjUL |
| 005 - DATE AND TIME OF LATEST TRANSACTION | |
| control field | 20211209080106.0 |
| 008 - FIXED-LENGTH DATA ELEMENTS--GENERAL INFORMATION | |
| fixed length control field | 851206r2001 ii a b 101 0 eng |
| 020 ## - INTERNATIONAL STANDARD BOOK NUMBER | |
| International Standard Book Number | 8122406947 |
| 035 ## - SYSTEM CONTROL NUMBER | |
| System control number | (BD-RjUL)54362 |
| 040 ## - CATALOGING SOURCE | |
| Original cataloging agency | DLC |
| Transcribing agency | DLC |
| Modifying agency | BD-RjUL |
| Language of cataloging | eng |
| 041 ## - LANGUAGE CODE | |
| Language code of text/sound track or separate title | eng |
| 082 00 - DEWEY DECIMAL CLASSIFICATION NUMBER | |
| Edition number | 23 |
| Classification number | 621.38152 |
| Author mark and year | BAS 2001 |
| 100 1# - MAIN ENTRY--PERSONAL NAME | |
| Personal name | Bali, S.P. |
| Dates associated with a name | 1910- |
| 9 (RLIN) | 161892 |
| 245 10 - TITLE STATEMENT | |
| Title | solid state devices and circuits / |
| Statement of responsibility, etc. | S.P. Bali |
| 260 ## - PUBLICATION, DISTRIBUTION, ETC. (IMPRINT) | |
| Place of publication, distribution, etc. | New Delhi : |
| Name of publisher, distributor, etc. | New Age International, |
| Date of publication, distribution, etc. | c1995[Reprinted2001] |
| 300 ## - PHYSICAL DESCRIPTION | |
| Pagination | ix, 375p. : |
| Illustrations | ill. ; |
| Size | 24 cm. |
| 500 ## - GENERAL NOTE | |
| General note | "A Wiley-Interscience publication." |
| 504 ## - BIBLIOGRAPHY, ETC. NOTE | |
| Bibliography, etc | Includes bibliographies and index. |
| 650 #0 - SUBJECT ADDED ENTRY--TOPICAL TERM | |
| Topical term or geographic name as entry element | Semiconductors |
| General subdivision | Noise |
| -- | Congresses. |
| 9 (RLIN) | 161893 |
| 942 ## - ADDED ENTRY ELEMENTS (KOHA) | |
| Source of classification or shelving scheme | Dewey Decimal Classification |
| Koha item type | Books |
| Lost status | Source of classification or shelving scheme | Damaged status | Not for loan | Collection code | Permanent Location | Current Location | Shelving location | Date acquired | Source of acquisition | Cost, normal purchase price | Total Checkouts | Full call number | Date last seen | Copy number | Koha item type |
|---|---|---|---|---|---|---|---|---|---|---|---|---|---|---|---|
| Dewey Decimal Classification | Non-fiction | Central Library, University of Rajshahi | Central Library, University of Rajshahi | 25/05/2008 | Dhaka Progan Enterprise | 195.00 | 621.38152 BAS 2001 | 03/11/2016 | C-2 | Books | |||||
| Dewey Decimal Classification | Not For Loan | Non-fiction | Central Library, University of Rajshahi | Central Library, University of Rajshahi | Reading Room | 25/05/2008 | Dhaka,Paragon Enterprise | 195.00 | 621.38152 BAS 2001 | 15/03/2017 | C-1 | Books |